000 00259nam a22001097a 4500
008 170125b xxu||||| |||| 00| 0 eng d
020 _a9781437716429
041 _aeng
080 _a61
245 _a2011 STEP-BY-STEP MEDICAL CODING
_cBUCK, C.J
942 _2udc
_cBK
999 _c3665
_d3665